00422nam a2200157Ia 4500008004100000020001500041082001700056100002200073245002300095250000700118260003400125300002700159500000700186600002100193650005000214240925s9999 xx 000 0 und d a8176357278 a005.7565 COR aCorporation, Boss 0aUsing Oracle® 11i aNA aNew Delhi:bTechmediac,2004. axxii,528p.b4fPirated aNA aComputer Science aComputer science, information & general works